Obrana před daňovou kontrolou

Salvato in:
Dettagli Bibliografici
Autore principale: Dráb, Ondřej
Altri autori: Trubač, Ondřej, Zatloukal, T.
Natura: Libro
Lingua:ceco
Pubblicazione: Praha ASPI Wolters Kluwer 2006
Soggetti:
Tags: Aggiungi Tag
Nessun Tag, puoi essere il primo ad aggiungerne!!

MARC

LEADER 00000nam$a2200000$$$4500
001 0076521
005 20240311131311.5
020 |a 80-7357-223-0 
041 0 |a cze 
044 |a CZ 
245 1 0 |a Obrana před daňovou kontrolou  |c Ondřej Dráb, Ondřej Trubač, Tomáš Zatloukal 
264 1 |a Praha  |b ASPI Wolters Kluwer  |c 2006 
300 |a 358 s. 
610 2 0 |a kontrola daňová 
610 2 0 |a zákony 
610 2 0 |a úrady finančné 
610 2 0 |a správa daňová 
610 2 0 |a spolupráca medzinárodná 
610 2 0 |a Česko 
100 1 |a Dráb, Ondřej 
700 1 |a Trubač, Ondřej 
700 1 |a Zatloukal, T.